01788nam a2200361 a 450000100100000000500170001000800410002702000150006804000250008308200180010810000310012624501040015726000540026130000400031550000210035550000630037650002640043961000630070365000460076665000460081265000360085865000410089465000200093565000310095565100390098665000420102565100350106770000320110270000410113495201150117595201210129099900150141100000185720200929145731.0090629s2006 cu ac 001 0 spa d a9592112800 aDO-SdBNPbspacBNPHU a327.12bC974c1 aCupull, Adys,d1937-9604213aLa CIA contra el Che /cAdys Cupull, Froilán González ; edición Ana María Caballero Labaut. aLa Habana :bEditorial Capitán San Luis,c2006. aiv, 353 p. :bil., retrs. ;c23 cm. aIncluye índice aIncluye datos biográficos del autor en la contracubierta aTestimonios, documentos relatos Y análisas que revelan la actuación de la CIA en el asesinato de Ernesto Guevara y sus compañeros de guerrilla en la tierras bolivianas, asi como el rol desempeñado por la embajada y el gobierno de los Estados Unidos. .14aESTADOS UNIDOSbAGENCIA CENTRAL DE INTELIGENCIA(CIA)96043 4aEstados unidosxRelacioneszBolivia96044 4aBoliviaxRelacioneszEstados Unidos96045 4aPersecuciones políticas96046 4aGuerrillasxRelatos personales96047 4aEspionaje93233 4aGuerra de guerrillas96048 4aBoliviaxPolitica Y Gobierno96049 4aRevolucionarioszAmerica Latina96050 4aAmerica LatinaxHistoria917861 aGonzáles, Froilán960511 aCaballero, Ana Maríaeeditor96052 001050718MOaGRbGRcHDd2009-06-29iLF1l0o327.12 C974cp1857-10r2020-06-25w2020-06-25y1ZNo se presta 001050718MOaGRbGRcHDd2009-06-29iLF1l0o327.12 C974cp1857-20r2020-06-25te. 2w2020-06-25y1ZNo se presta c1734d1734